000 01120nam0a2200301 4500
001 RU\NLR\bibl\802998
005 20250614130205.0
010 _a5-93406-723-0
_950
021 _aRU
_b2005-5146
_9258
035 _a(NLR Aleph) 000792156
090 _a1128514
_c1128514
100 _a20050524d2004 |||y0rusy50 ca
101 0 _arus
102 _aRU
105 _ay |||||||||
200 1 _aЛогика Зигварта в понимании Шпета
_e(логико-психологический монизм)
_fЕ. Счастливцева
210 _aМосква
_cКомпания Спутник+
_d2004
215 _a28 с.
_d21
320 _aБиблиогр.: с. 26-27 (32 назв.)
600 1 _aШпет
_bГ.Г.
_f1879 - 1937
_gГустав Густавович
_xФилософские взгляды
_92127632
_3RU\NLR\auth\661284037
686 _aЮ3(2)6-69
700 1 _aСчастливцева
_bЕ. А.
_gЕлена Анатольевна
_4070
801 0 _aRU
_bNLR
_c20050524
_gPSBO
801 1 _aRU
_bNLR
_c20050524
830 _aавт. по кн.
942 _cBOOK
980 _aNB